[Event "ICS rated blitz match"]
[Site "204.178.125.65"]
[Date "2000.02.10"]
[Round "?"]
[White "TheChessGods"]
[Black "Hossa"]
[Result "0-1"]
[WhiteElo "2266"]
[BlackElo "2394"]
[PlyCount "96"]

1. Nf3 d5 2. d4 Nf6 3. c4 dxc4 4. e3 b5 5. Be2 Bf5 6. Nc3 c6 7. Ne5 Qb6 8. O-O
e6 9. a4 Nbd7 10. Nxd7 Nxd7 11. e4 Bg6 12. axb5 cxb5 13. Be3 b4 14. Na4 Qc7 15.
Rc1 Bxe4 16. Bxc4 Qb7 17. Qg4 Nf6 18. Qg3 Qc6 19. Bb3 Qd7 20. Rfd1 Qd6 21. Bf4
Qa6 22. Nc5 Bxc5 23. dxc5 O-O 24. Bg5 Nd5 25. Qe5 Bg6 26. Bxd5 exd5 27. Qxd5
Rfe8 28. f3 b3 29. Qxb3 Re2 30. Rd6 Qa5 31. Qd5 Rae8 32. Bd2 Qb5 33. b4 Qb8 34.
Ra1 R2e7 35. Rd7 h6 36. Raxa7 Qxa7 37. Rxa7 Rxa7 38. c6 Re2 39. Kf1 Re8 40. Qd4
Ra4 41. c7 Kh7 42. Bc3 f6 43. Qd7 Raa8 44. Bxf6 Rg8 45. Bd8 Re8 46. Kf2 h5 47.
Qc8 Rxc8 48. h3 Rexd8 0-1

[Event "ICS Rated blitz match"]
[Site "204.178.125.65"]
[Date "2000.02.10"]
[Round "?"]
[White "AnatKarp"]
[Black "Hossa"]
[Result "0-1"]
[WhiteElo "2291"]
[BlackElo "2397"]
[PlyCount "162"]

1. e4 e5 2. Nf3 Nf6 3. Nc3 Nc6 4. Bb5 Bb4 5. O-O O-O 6. d3 Bxc3 7. bxc3 d6 8.
Bg5 h6 9. Bd2 a6 10. Ba4 b5 11. Bb3 Be6 12. a4 Qd7 13. Qe2 Rfb8 14. Rfb1 Bxb3
15. cxb3 b4 16. Rc1 bxc3 17. Rxc3 Nd4 18. Qd1 d5 19. Nxe5 Qd6 20. Nf3 dxe4 21.
Nxd4 Qxd4 22. Rxc7 Qxd3 23. Rc3 Qd6 24. Be3 Qxd1+ 25. Rxd1 Rd8 26. Rd4 Rab8 27.
Rc6 Rxd4 28. Bxd4 Rd8 29. Rc4 Nd5 30. h4 Rb8 31. Rc6 Nb4 32. Rd6 Nc2 33. Be5
Rxb3 34. Rxa6 e3 35. fxe3 Nxe3 36. Bf4 Nd5 37. Bd6 Rb2 38. g3 Ra2 39. a5 Kh7
40. Ra7 Kg6 41. a6 h5 42. Kh1 Nc3 43. Ra8 Ne4 44. Be5 Nd2 45. Rb8 Rxa6 46. Bf4
Ne4 47. Kg2 Kf5 48. Kh3 Nf2+ 49. Kg2 Nd3 50. Kf3 f6 51. Rb5+ Ne5+ 52. Kg2 g6
53. Kh3 Re6 54. Rb3 Ke4 55. Rb4+ Kd5 56. Rb5+ Kd4 57. Rb4+ Nc4 58. Kg2 Re2+ 59.
Kf3 Rb2 60. Be3+ Kd5 61. Rxb2 Nxb2 62. Kf4 Nd3+ 63. Kf3 Ne5+ 64. Kf4 Nf7 65.
Kf3 Nd6 66. Bh6 Ne4 67. Kf4 Kd4 68. Bg7 Kd3 69. g4 g5+ 70. hxg5 fxg5+ 71. Kf3
h4 72. Be5 Nd2+ 73. Kg2 Ke3 74. Bf6 Kf4 75. Kh3 Ne4 76. Bd4 Kf3 77. Ba7 Nf2+
78. Bxf2 Kxf2 79. Kh2 Kf3 80. Kh3 Kf4 81. Kh2 Kxg4 0-1

[Event "ICS rated blitz match"]
[Site "204.178.125.65"]
[Date "2000.02.10"]
[Round "?"]
[White "Hossa"]
[Black "AnatKarp"]
[Result "1-0"]
[WhiteElo "2408"]
[BlackElo "2280"]
[PlyCount "205"]

1. e4 d5 2. exd5 Qxd5 3. Nc3 Qa5 4. d4 Nf6 5. Nf3 c6 6. Bc4 Bf5 7. O-O e6 8.
Bd2 Nbd7 9. Nd5 Qd8 10. Ne3 Be4 11. Ng5 Bg6 12. Bb3 Nb6 13. Ba5 Bd6 14. Nc4 O-O
15. Nxd6 Qxd6 16. Re1 Rad8 17. Bxb6 axb6 18. Nxe6 Bh5 19. f3 fxe6 20. Rxe6
Qxd4+ 21. Qxd4 Rxd4 22. Rxf6+ Bf7 23. Rxf7 Rxf7 24. Re1 Kf8 25. Bxf7 Kxf7 26.
Re2 Kg6 27. a3 Rd1+ 28. Kf2 Rb1 29. c3 Rd1 30. g4 Kg5 31. Re7 Kf6 32. Rxb7 Rd2+
33. Ke3 Rxb2 34. a4 b5 35. Rb6 Ke7 36. a5 Ra2 37. Rxc6 Rxa5 38. Rb6 Kf7 39. f4
Ra3 40. Kd4 Ra4+ 41. Ke5 Ra5 42. Rb7+ Kf8 43. Ke6 Ra6+ 44. Kd5 Ra3 45. Rxb5
Rxc3 46. Rb8+ Ke7 47. h4 Rc7 48. f5 Rd7+ 49. Ke5 Rc7 50. g5 Rc5+ 51. Kf4 Rc4+
52. Kg3 Rc3+ 53. Kg2 Rc2+ 54. Kf3 Rc3+ 55. Ke2 Rc2+ 56. Kd3 Rh2 57. Rb4 Rh3+
58. Ke2 Kf7 59. Kf2 Rh1 60. Ra4 Ke7 61. Ra7+ Kf8 62. Ra8+ Ke7 63. Kg3 Rg1+ 64.
Kf3 Rf1+ 65. Kg4 Kf7 66. Rh8 Rd1 67. Rxh7 Kg8 68. g6 Rg1+ 69. Kf4 Rf1+ 70. Ke5
Re1+ 71. Kd5 Rd1+ 72. Ke4 Re1+ 73. Kd3 Rf1 74. Rh5 Rf4 75. Ke2 Re4+ 76. Kf3 Re1
77. Kf4 Rf1+ 78. Ke3 Re1+ 79. Kd4 Rd1+ 80. Ke4 Re1+ 81. Kf3 Rb1 82. Ke2 Rb2+
83. Kd3 Rb3+ 84. Kd4 Rb5 85. Kc4 Ra5 86. Kc3 Rc5+ 87. Kd3 Rd5+ 88. Ke3 Re5+ 89.
Kf4 Re1 90. Rg5 Rh1 91. Rg4 Rf1+ 92. Kg5 Rc1 93. Ra4 Rg1+ 94. Kh5 Kf8 95. Ra8+
Ke7 96. Ra7+ Kf6 97. Rf7+ Ke5 98. Rxg7 Kxf5 99. Kh6 Kg4 100. Rf7 Re1 101. Kh7
Kxh4 102. g7 Re8 103. Rf8 1-0

[Event "ICS rated blitz match"]
[Site "204.178.125.65"]
[Date "2000.02.10"]
[Round "?"]
[White "PostModernist"]
[Black "Hossa"]
[Result "1-0"]
[WhiteElo "2552"]
[BlackElo "2418"]
[PlyCount "159"]

1. d4 d5 2. c4 e6 3. Nf3 Nf6 4. Nc3 Nc6 5. Bg5 dxc4 6. e4 h6 7. Bh4 g5 8. Bg3
Bb4 9. Be5 Nxe5 10. Nxe5 c5 11. Qa4+ Bd7 12. Nxd7 Qxd7 13. Qxd7+ Kxd7 14. dxc5
Bxc3+ 15. bxc3 Nxe4 16. Bxc4 Kc6 17. Rc1 Rhd8 18. Be2 Nxc5 19. Rb1 Nd3+ 20. Kf1
Ne5 21. h4 Rd2 22. hxg5 hxg5 23. Rh5 f6 24. a4 b6 25. Rh7 Kc5 26. Ke1 Rc2 27.
Rd1 Nc6 28. Rhd7 Rh8 29. Bf1 Rh1 30. Rf7 f5 31. Rfd7 a6 32. R7d6 Ra2 33. Rxe6
Rxa4 34. f3 b5 35. Rf6 Rf4 36. Rdd6 Ne5 37. Rde6 Nc4 38. Kf2 Rh2 39. Rc6+ Kd5
40. Rxa6 Kc5 41. Rac6+ Kd5 42. Bd3 Na3 43. Ra6 Nc4 44. Bxf5 Ne5 45. Kg1 Rh5 46.
Rf8 Kc4 47. Re6 Nd7 48. Rc8+ Kb3 49. Bg4 Rh4 50. Rd6 Nf8 51. g3 Rhxg4 52. fxg4
Rxg4 53. Kh2 Nh7 54. Rh6 Rc4 55. Rxc4 bxc4 56. Rxh7 Kxc3 57. Kh3 Kd4 58. Rd7+
Ke5 59. Kg4 Ke6 60. Rd4 c3 61. Kxg5 Ke5 62. Rc4 Kd5 63. Rxc3 Kd4 64. Rc1 Ke4
65. g4 Ke5 66. Re1+ Kd6 67. Kf6 Kc5 68. g5 Kd4 69. g6 Kc3 70. g7 Kd2 71. Re7
Kd3 72. g8=Q Kd4 73. Qb3 Kc5 74. Rc7+ Kd4 75. Rc4+ Kd5 76. Qb5+ Kd6 77. Qc5+
Kd7 78. Qc7+ Ke8 79. Re4+ Kf8 80. Qc8# 1-0

[Event "ICS rated blitz match"]
[Site "204.178.125.65"]
[Date "2000.02.10"]
[Round "?"]
[White "Hossa"]
[Black "Beadle"]
[Result "0-1"]
[WhiteElo "2400"]
[BlackElo "2609"]
[PlyCount "158"]

1. d3 d5 2. e3 Nc6 3. d4 e5 4. Bb5 Bd6 5. c4 dxc4 6. dxe5 Bxe5 7. Qxd8+ Kxd8 8.
Nf3 Nge7 9. Bxc4 Be6 10. Bxe6 fxe6 11. Ng5 Kd7 12. O-O Nf5 13. Rd1+ Ke7 14. Nc3
Rad8 15. Bd2 h6 16. Nf3 Nd6 17. Rac1 Bf6 18. b3 Rhg8 19. Ne2 Ne4 20. Nfd4 Bxd4
21. Nxd4 Nxd4 22. Rxc7+ Ke8 23. exd4 Rxd4 24. Rc2 Nxd2 25. Rdxd2 Rxd2 26. Rxd2
Ke7 27. Rc2 Rd8 28. Kf1 Rd5 29. Ke2 Kd6 30. b4 Re5+ 31. Kf1 Re4 32. a3 b5 33.
Rc5 a6 34. Rc8 Rc4 35. Ra8 Rc6 36. h4 Ke5 37. g3 g6 38. Kg2 Ke4 39. f3+ Ke5 40.
h5 gxh5 41. Rh8 h4 42. gxh4 Rc3 43. Rxh6 Rxa3 44. Rg6 Ra2+ 45. Kg3 Ra1 46. h5
Kf5 47. Rg4 Rc1 48. Rf4+ Kg5 49. Re4 Rc6 50. Re5+ Kf6 51. Re1 Kg5 52. Rh1 e5
53. Re1 Re6 54. Rh1 Kh6 55. Kf2 Rf6 56. Kg3 Rf4 57. Re1 Rxb4 58. Rxe5 a5 59. f4
a4 60. Kg4 a3 61. Re6+ Kh7 62. Re7+ Kg8 63. Re8+ Kf7 64. Rc8 a2 65. Rc1 Rb1 66.
Rc7+ Ke6 67. Rc6+ Kd5 68. Ra6 a1=Q 69. Rxa1 Rxa1 70. h6 b4 71. Kf3 b3 72. h7
Rh1 73. h8=Q Rxh8 74. Kg4 b2 75. Kf3 b1=Q 76. f5 Qxf5+ 77. Ke3 Rh3+ 78. Kd2
Qf2+ 79. Kc1 Rh1# 0-1

[Event "ICS rated blitz match"]
[Site "204.178.125.65"]
[Date "2000.02.10"]
[Round "?"]
[White "Hossa"]
[Black "TerribleBlow"]
[Result "1-0"]
[WhiteElo "2393"]
[BlackElo "2494"]
[PlyCount "73"]

1. e4 c5 2. Nf3 Nc6 3. d4 cxd4 4. Nxd4 Nf6 5. Nc3 e5 6. Ndb5 d6 7. Bg5 a6 8.
Na3 b5 9. Bxf6 gxf6 10. Nd5 f5 11. Bd3 Be6 12. Qh5 Bg7 13. O-O f4 14. Rfe1 Ne7
15. Rad1 O-O 16. Nb1 Bxd5 17. exd5 f5 18. c3 e4 19. Bc2 Ng6 20. f3 Qb6+ 21. Kf1
b4 22. fxe4 fxe4 23. Bxe4 bxc3 24. bxc3 f3 25. gxf3 Rf6 26. Re2 Raf8 27. Rde1
Rf4 28. Nd2 Qc7 29. Bxg6 hxg6 30. Qxg6 Qxc3 31. Re7 Rxf3+ 32. Nxf3 Qxf3+ 33.
Kg1 Qf2+ 34. Kh1 Qf3+ 35. Qg2 Qxg2+ 36. Kxg2 Be5 37. Rc1 1-0

[Event "ICS rated blitz match"]
[Site "204.178.125.65"]
[Date "2000.02.10"]
[Round "?"]
[White "TerribleBlow"]
[Black "Hossa"]
[Result "1-0"]
[WhiteElo "2473"]
[BlackElo "2414"]
[PlyCount "153"]

1. e4 e5 2. Nf3 Nc6 3. Bb5 a6 4. Ba4 Nf6 5. O-O Be7 6. Re1 b5 7. Bb3 d6 8. c3
O-O 9. h3 Bb7 10. d4 Re8 11. Nbd2 Bf8 12. Bc2 g6 13. d5 Ne7 14. b3 c6 15. c4
cxd5 16. cxd5 Rc8 17. Nf1 Qc7 18. Bd3 Bg7 19. Bd2 Qb6 20. Ng3 Rc7 21. Qe2 Rec8
22. Rec1 Nd7 23. b4 Rxc1+ 24. Rxc1 Rxc1+ 25. Bxc1 Qc7 26. Qc2 Qxc2 27. Bxc2 Nb6
28. Bd3 Nc4 29. Bxc4 bxc4 30. Nd2 Bh6 31. Ne2 Bxd2 32. Bxd2 f5 33. f3 Nc8 34.
Be3 h5 35. Kf1 Kf7 36. Ke1 Ne7 37. Kd2 Kf6 38. Nc3 g5 39. Bb6 Nc8 40. Bd8+ Kg6
41. a4 Na7 42. Bc7 Nc8 43. b5 h4 44. b6 Kf6 45. a5 fxe4 46. fxe4 Ke7 47. Nd1
Kd7 48. Ne3 c3+ 49. Kxc3 Na7 50. Nf5 Nb5+ 51. Kd3 Nxc7 52. bxc7 Kxc7 53. Nh6
Bc8 54. Ke3 Bd7 55. Kf3 Kd8 56. Nf7+ Ke7 57. Nxg5 Kf6 58. Ne6 Bxe6 59. dxe6
Kxe6 60. g4 d5 61. exd5+ Kxd5 62. g5 e4+ 63. Ke3 Ke5 64. g6 Kd5 65. g7 Kc5 66.
g8=Q Kc6 67. Qg4 Kb5 68. Qxh4 Kc5 69. Qxe4 Kd6 70. Qb7 Ke6 71. Qxa6+ Kd7 72.
Qb6 Kc8 73. a6 Kd7 74. a7 Ke7 75. a8=Q Kf7 76. Qaa7+ Ke8 77. Qbb8# 1-0

[Event "ICS rated blitz match"]
[Site "204.178.125.65"]
[Date "2000.02.10"]
[Round "?"]
[White "Hossa"]
[Black "TerribleBlow"]
[Result "1-0"]
[WhiteElo "2401"]
[BlackElo "2486"]
[PlyCount "107"]

1. e4 c5 2. Nf3 Nc6 3. d4 cxd4 4. Nxd4 Nf6 5. Nc3 e5 6. Ndb5 d6 7. Bg5 a6 8.
Na3 b5 9. Bxf6 gxf6 10. Nd5 f5 11. Bd3 Be6 12. Qh5 Bg7 13. O-O f4 14. Rfe1 O-O
15. Nb1 Ne7 16. a4 Bxd5 17. exd5 f5 18. axb5 e4 19. Be2 axb5 20. Rxa8 Qxa8 21.
Bxb5 Qxd5 22. c4 Qc5 23. b3 Bd4 24. Rf1 Ng6 25. Bd7 e3 26. fxe3 fxe3 27. Kh1 f4
28. Qg4 Kh8 29. Be6 Ne5 30. Qh5 Ng6 31. Qf3 Qg5 32. Bd5 Nh4 33. Qe2 Rb8 34. Qd1
Be5 35. Na3 Rg8 36. b4 Rg7 37. Qa4 h5 38. Qa8+ Kh7 39. Nb5 e2 40. Re1 f3 41.
Bxf3 Bxh2 42. Qe4+ Kh6 43. Qxe2 Be5 44. Bd5 Nf5 45. Qf2 Ng3+ 46. Kg1 h4 47. Nd4
h3 48. Nf3 h2+ 49. Nxh2 Nh5 50. Nf3 Bg3 51. Qd4 Qf4 52. Re6+ Kh7 53. Qd3+ Kh8
54. Re8+ 1-0

[Event "ICS rated blitz match"]
[Site "204.178.125.65"]
[Date "2000.02.10"]
[Round "?"]
[White "Hossa"]
[Black "Beadle"]
[Result "0-1"]
[WhiteElo "2421"]
[BlackElo "2618"]
[PlyCount "112"]

1. e4 Nc6 2. d4 e5 3. d5 Nce7 4. c4 Ng6 5. Nf3 Nf6 6. Bd3 Bb4+ 7. Nc3 Bxc3+ 8.
bxc3 O-O 9. O-O d6 10. Rb1 b6 11. Bg5 Bd7 12. Nd2 h6 13. Be3 Ng4 14. Qf3 Qh4
15. h3 Nxe3 16. fxe3 Ne7 17. Rf2 f5 18. Rbf1 f4 19. Qe2 Ng6 20. Bc2 Qg5 21. Nf3
Qg3 22. c5 Bxh3 23. Nh2 fxe3 24. Rxf8+ Rxf8 25. Rxf8+ Kxf8 26. Nf1 Qxg2+ 27.
Qxg2 Bxg2 28. Nxe3 Bh3 29. cxd6 cxd6 30. Nc4 Ke7 31. a4 Nf4 32. a5 b5 33. Nb2
Ne2+ 34. Kh2 Bd7 35. c4 Nd4 36. Bd1 b4 37. Nd3 b3 38. Kh1 Kf6 39. Kg1 g5 40.
Kh1 Be8 41. Kh2 Bg6 42. Nb2 Bxe4 43. Bg4 Bf5 44. Bh5 e4 45. Kg3 e3 46. Na4 g4
47. Bxg4 Bxg4 48. Nc3 e2 49. Kf2 b2 50. a6 Nc2 51. Nxe2 b1=Q 52. Kg2 Qe1 53.
Nf4 Ne3+ 54. Kh2 Qf2+ 55. Kh1 Bf3+ 56. Ng2 Qxg2# 0-1

[Event "ICS rated blitz match"]
[Site "204.178.125.65"]
[Date "2000.02.10"]
[Round "?"]
[White "Beadle"]
[Black "Hossa"]
[Result "1-0"]
[WhiteElo "2626"]
[BlackElo "2413"]
[PlyCount "66"]

1. d4 d5 2. Nf3 Nf6 3. Bf4 c5 4. c3 cxd4 5. Nxd4 Nbd7 6. Qa4 Ne4 7. b4 Qb6 8.
e3 g5 9. Bg3 Nxg3 10. hxg3 e5 11. Nf3 f6 12. Nbd2 Qc7 13. c4 dxc4 14. Bxc4 h5
15. Rc1 Qd8 16. g4 h4 17. Ne4 Be7 18. Rd1 Qc7 19. Be6 b6 20. a3 a5 21. Qb5 axb4
22. axb4 Ra7 23. O-O h3 24. gxh3 Rxh3 25. Qd5 Rh8 26. Rc1 Qb7 27. Rfd1 Kd8 28.
Nexg5 Rf8 29. Qb5 fxg5 30. Nxe5 Rh8 31. Nf7+ Ke8 32. Nxh8 Qb8 33. Qf5 Kd8 1-0

[Event "ICS rated blitz match"]
[Site "204.178.125.65"]
[Date "2000.02.10"]
[Round "?"]
[White "Hossa"]
[Black "Beadle"]
[Result "0-1"]
[WhiteElo "2406"]
[BlackElo "2633"]
[PlyCount "120"]

1. e4 c6 2. d4 d5 3. Nc3 dxe4 4. Nxe4 Nf6 5. Nxf6+ exf6 6. Bc4 Bd6 7. Qe2+ Qe7
8. Qxe7+ Kxe7 9. Ne2 Bf5 10. c3 b5 11. Bb3 Re8 12. O-O Kf8 13. Re1 Nd7 14. a4
a6 15. axb5 axb5 16. Be3 Rxa1 17. Rxa1 Be6 18. Bxe6 fxe6 19. Ra6 Rc8 20. Bf4
Ke7 21. h4 Bxf4 22. Nxf4 e5 23. dxe5 fxe5 24. Nd3 e4 25. Nf4 Rc7 26. Ra8 Nc5
27. b4 Ne6 28. Nxe6 Kxe6 29. Kh2 Kd5 30. h5 Kc4 31. Ra3 Rd7 32. g4 Rf7 33. Kg2
Rf4 34. Ra6 Kxc3 35. Rxc6+ Kxb4 36. Kg3 Rf3+ 37. Kg2 Rf7 38. Re6 Ka3 39. Rxe4
b4 40. Re8 b3 41. Ra8+ Kb2 42. Rb8 Rc7 43. f4 Kc2 44. h6 gxh6 45. Re8 b2 46.
Rb8 Rc3 47. Kf2 Rb3 48. Rc8+ Kd3 49. Rd8+ Ke4 50. Rd1 b1=Q 51. Rxb1 Rxb1 52. f5
Rb3 53. Kg2 Rf3 54. Kh2 Kf4 55. f6 Kxg4 56. Kg2 Rxf6 57. Kh2 Rf2+ 58. Kh1 Kg3
59. Kg1 Rf6 60. Kh1 Rf1# 0-1

[Event "ICS rated blitz match"]
[Site "204.178.125.65"]
[Date "2000.02.10"]
[Round "?"]
[White "Beadle"]
[Black "Hossa"]
[Result "1-0"]
[WhiteElo "2640"]
[BlackElo "2399"]
[PlyCount "88"]

1. d4 d5 2. c4 e6 3. Nc3 Nf6 4. Nf3 Bb4 5. cxd5 exd5 6. Bg5 h6 7. Bxf6 Qxf6 8.
Qb3 Bxc3+ 9. bxc3 Qe6 10. e3 Nd7 11. Bd3 Nf6 12. Ne5 O-O 13. O-O g6 14. c4 a5
15. cxd5 Nxd5 16. Bc4 a4 17. Qb5 c6 18. Qc5 b5 19. Nxc6 bxc4 20. Qxd5 Qxd5 21.
Ne7+ Kg7 22. Nxd5 Rb8 23. Rfc1 Be6 24. Nc3 Ra8 25. Rab1 Rfd8 26. Rb7 a3 27.
Rcb1 Rac8 28. R1b6 Rd7 29. Rxd7 Bxd7 30. Ra6 Rb8 31. Rxa3 Rb2 32. f3 Rc2 33.
Ne4 Be6 34. Ra5 Rc1+ 35. Kf2 Rd1 36. Rc5 h5 37. a4 h4 38. g3 h3 39. g4 Ra1 40.
d5 Bd7 41. Rxc4 Bxa4 42. Kg3 Bb3 43. Rd4 Bc2 44. d6 Bxe4 1-0

[Event "ICS rated blitz match"]
[Site "204.178.125.65"]
[Date "2000.02.10"]
[Round "?"]
[White "Hossa"]
[Black "Beadle"]
[Result "0-1"]
[WhiteElo "2393"]
[BlackElo "2646"]
[PlyCount "142"]

1. e4 c6 2. d4 d5 3. Nc3 dxe4 4. Nxe4 Bf5 5. Ng3 Bg6 6. h4 h6 7. Nf3 Nd7 8. h5
Bh7 9. Bd3 Bxd3 10. Qxd3 Qc7 11. Bd2 e6 12. O-O-O Ngf6 13. Ne4 Nxe4 14. Qxe4
Nf6 15. Qe2 O-O-O 16. g3 Rd5 17. Bf4 Bd6 18. Bxd6 Rxd6 19. Ne5 Rhd8 20. c3 Kb8
21. Rde1 Rd5 22. Qc4 Nd7 23. Nxd7+ R8xd7 24. b4 a5 25. a3 e5 26. dxe5 Rxe5 27.
f4 b5 28. Qb3 Red5 29. Re8+ Kb7 30. Rg8 a4 31. Qc2 Qd6 32. Rh2 Rd3 33. Kb2 Rxg3
34. Qc1 Qd5 35. Qc2 Qc4 36. f5 f6 37. Re8 Rf3 38. Ree2 Rxf5 39. Re4 Qf7 40.
Reh4 Rf3 41. Re2 Rdd3 42. Rhe4 Kb6 43. Re7 Qc4 44. R2e4 Qd5 45. Re2 Rxc3 46.
Qxc3 Rxc3 47. Kxc3 Qb3+ 48. Kd2 Qxa3 49. R7e4 Qb2+ 50. Ke3 a3 51. Rg4 Qb3+ 52.
Kf2 a2 53. Rg1 Qb1 54. Ree1 Qxb4 55. Kg3 Qc3+ 56. Kh4 b4 57. Rc1 Qd4+ 58. Kh3
b3 59. Rcd1 Qe3+ 60. Rg3 Qxg3+ 61. Kxg3 b2 62. Rd8 a1=Q 63. Rb8+ Kc7 64. Rxb2
Qxb2 65. Kf3 Qd2 66. Ke4 Qc3 67. Kf4 Qd3 68. Kg4 f5+ 69. Kh4 g5+ 70. hxg6 Qf3
71. g7 Qg4# 0-1

[Event "ICS rated blitz match"]
[Site "204.178.125.65"]
[Date "2000.02.10"]
[Round "?"]
[White "ljb"]
[Black "Hossa"]
[Result "0-1"]
[WhiteElo "2304"]
[BlackElo "2387"]
[PlyCount "68"]

1. e4 e5 2. Bc4 Nf6 3. d3 Nc6 4. Nc3 Na5 5. Bb3 Nxb3 6. axb3 Bb4 7. Bd2 O-O 8.
Nf3 d6 9. O-O Bg4 10. h3 Bh5 11. Bg5 c6 12. Qe2 a5 13. Nd1 Qe7 14. Ne3 Qe6 15.
Nf5 b6 16. Kh2 Bg6 17. N3h4 d5 18. c3 Bc5 19. f4 dxe4 20. dxe4 exf4 21. Bxf6
Qxf6 22. Rxf4 Bd6 23. Raf1 Bxf4+ 24. Rxf4 Bxf5 25. Nxf5 Rad8 26. Qf3 Qe5 27.
Qg3 Kh8 28. h4 Rd2 29. Kh3 Rxb2 30. h5 Rxb3 31. h6 gxh6 32. Nd4 Rb1 33. Nxc6
Rh1+ 34. Kg4 Qh5# 0-1

[Event "ICS rated blitz match"]
[Site "204.178.125.65"]
[Date "2000.02.10"]
[Round "?"]
[White "Hossa"]
[Black "leonid"]
[Result "1-0"]
[WhiteElo "2399"]
[BlackElo "2200"]
[PlyCount "85"]

1. e4 e5 2. Nf3 Nc6 3. Bb5 a6 4. Ba4 Nf6 5. O-O Nxe4 6. d4 b5 7. Bb3 d5 8. dxe5
Be6 9. c3 Bc5 10. Nbd2 O-O 11. Bc2 Nxf2 12. Rxf2 f6 13. exf6 Bxf2+ 14. Kxf2
Qxf6 15. Nf1 Ne5 16. Be3 Rae8 17. Bc5 Rf7 18. N1d2 Bf5 19. Kg1 Nxf3+ 20. Nxf3
Be4 21. Nd2 Bxc2 22. Qxc2 Re2 23. Qd3 Qe6 24. b3 Rf4 25. g3 Rf7 26. a3 h6 27.
h4 Rf5 28. Rf1 Rxf1+ 29. Kxf1 Re1+ 30. Kf2 Kf7 31. Nf3 Ra1 32. Qe2 Qf6 33. Kg2
Kg6 34. Qb2 Rf1 35. Qc2+ Kf7 36. Kxf1 Qxf3+ 37. Qf2 Qxf2+ 38. Kxf2 g5 39. h5 a5
40. Ke3 a4 41. bxa4 bxa4 42. Kd4 c6 43. g4 1-0

[Event "ICS rated blitz match"]
[Site "204.178.125.65"]
[Date "2000.02.10"]
[Round "?"]
[White "bibo"]
[Black "Hossa"]
[Result "1/2-1/2"]
[WhiteElo "2213"]
[BlackElo "2399"]
[PlyCount "122"]

1. e4 e5 2. f4 exf4 3. Bc4 Nf6 4. Nc3 c6 5. Bb3 d5 6. exd5 cxd5 7. d4 Bd6 8.
Nf3 Qe7+ 9. Qe2 Nc6 10. O-O Qxe2 11. Nxe2 Bg4 12. c3 g5 13. Nxg5 Rg8 14. Nf3
O-O-O 15. Bxf4 Rde8 16. Rae1 Bh3 17. Bg3 Bxg3 18. Nxg3 Be6 19. Ne5 Nxe5 20.
Rxe5 Rg6 21. Nf5 Kc7 22. g3 Nd7 23. Ree1 Nb6 24. Nh4 Rgg8 25. Nf3 h6 26. Ne5 f5
27. Nd3 Rgf8 28. Nf4 Kd6 29. Re5 Bf7 30. Rfe1 a5 31. Kf2 a4 32. Bc2 Nc4 33.
Rxe8 Rxe8 34. Rxe8 Bxe8 35. b3 axb3 36. axb3 Nd2 37. Bxf5 Nxb3 38. Ke3 Na5 39.
Bd3 b5 40. g4 Bd7 41. h3 Nb3 42. Ne2 Kc7 43. Ng3 Nc1 44. Kd2 Nxd3 45. Kxd3 Be8
46. Ke3 Bf7 47. Kf4 Bg6 48. Ke5 Kd7 49. Nf5 h5 50. Nd6 hxg4 51. hxg4 Kc6 52.
Nf5 b4 53. cxb4 Kb5 54. Ne7 Be8 55. Nxd5 Bc6 56. Nc3+ Kxb4 57. d5 Bd7 58. Kd6
Bxg4 59. Ne4 Bf3 60. Nf6 Kc4 61. Ke6 Bxd5+ 1/2-1/2

[Event "ICS rated blitz match"]
[Site "204.178.125.65"]
[Date "2000.02.10"]
[Round "?"]
[White "HaraldLdahl"]
[Black "Hossa"]
[Result "0-1"]
[WhiteElo "2155"]
[BlackElo "2391"]
[PlyCount "128"]

1. e4 e5 2. Nf3 Nc6 3. Nc3 Nf6 4. Bb5 Nd4 5. Nxe5 Qe7 6. Nf3 Nxb5 7. Nxb5 Qxe4+
8. Qe2 Qxe2+ 9. Kxe2 Nd5 10. Re1 d6 11. Kf1+ Be7 12. a3 Bd7 13. Nbd4 c5 14. Ne2
Bg4 15. d3 Bxf3 16. gxf3 Kd7 17. c4 Nb6 18. Bd2 Bf6 19. Bc3 Bxc3 20. Nxc3 Rae8
21. Re4 Re6 22. Rae1 Rhe8 23. Nd5 Nxd5 24. cxd5 R6e7 25. Kg2 a5 26. f4 b5 27.
a4 bxa4 28. Kf3 Rxe4 29. dxe4 Rb8 30. Ra1 Rb3+ 31. Kg2 Rxb2 32. Rxa4 Rb5 33. h4
h5 34. Kg3 Rb3+ 35. f3 Rb5 36. f5 f6 37. Kf4 Kd8 38. Ra1 Ke8 39. Rg1 Kf7 40.
Ra1 Ke7 41. Ra4 Ke8 42. Kg3 Kd8 43. Kf4 Kc8 44. Ra1 Kb8 45. Rg1 Rb7 46. Ra1 Ra7
47. Ke3 a4 48. Kd3 Kc7 49. Kc4 Ra5 50. Ra3 Kb6 51. Ra1 Ra8 52. f4 Re8 53. Kd3
Ka5 54. Rb1 a3 55. Rb7 c4+ 56. Kd4 Ra8 57. Rxg7 a2 58. Rg1 Kb4 59. e5 a1=Q+ 60.
Rxa1 dxe5+ 61. fxe5 fxe5+ 62. Kxe5 Rxa1 63. f6 c3 64. f7 Rf1 0-1

[Event "ICS Rated standard match"]
[Site "204.178.125.65"]
[Date "2000.02.10"]
[Round "?"]
[White "Hossa"]
[Black "mko"]
[Result "1-0"]
[WhiteElo "2261"]
[BlackElo "1965"]
[PlyCount "71"]

1. e4 c6 2. d4 d5 3. Nc3 dxe4 4. Nxe4 Nd7 5. Ng5 Ngf6 6. Bd3 e6 7. N1f3 Bd6 8.
Qe2 h6 9. Ne4 Nxe4 10. Qxe4 Nf6 11. Qe2 b6 12. Bd2 Bb7 13. O-O-O Qc7 14. Kb1
O-O-O 15. Ba6 Rd7 16. Ne5 Bxe5 17. dxe5 Nd5 18. Bd3 a5 19. Rhe1 c5 20. Qg4 g5
21. h4 gxh4 22. Bb5 Rdd8 23. Qxh4 Qe7 24. Qh3 Qf8 25. Bc1 Qg7 26. Bf1 h5 27.
Qh2 Nb4 28. Rxd8+ Kxd8 29. a3 Nd5 30. Re4 Nc3+ 31. bxc3 Bxe4 32. Qh4+ Kc7 33.
Qxe4 Rd8 34. Bb5 Rd5 35. c4 Qxe5 36. Bf4 1-0

[Event "ICS rated blitz match"]
[Site "204.178.125.65"]
[Date "2000.02.10"]
[Round "?"]
[White "Hossa"]
[Black "HaraldLdahl"]
[Result "1-0"]
[WhiteElo "2398"]
[BlackElo "2150"]
[PlyCount "43"]

1. e4 Nf6 2. e5 Nd5 3. d4 d6 4. c4 Nb6 5. exd6 cxd6 6. h3 g6 7. Nf3 Bg7 8. Nc3
O-O 9. Be2 Nc6 10. Be3 Bf5 11. O-O d5 12. c5 Nc4 13. Qb3 N6a5 14. Qb4 b6 15.
Rac1 bxc5 16. Qxc5 e6 17. g4 Nxe3 18. fxe3 Be4 19. Nxe4 dxe4 20. Ne5 Nb7 21.
Qc7 Nd6 22. Nd7 1-0

[Event "ICS rated blitz match"]
[Site "204.178.125.65"]
[Date "2000.02.10"]
[Round "?"]
[White "HaraldLdahl"]
[Black "Hossa"]
[Result "0-1"]
[WhiteElo "2144"]
[BlackElo "2404"]
[PlyCount "64"]

1. e4 e5 2. Nf3 Nc6 3. Nc3 Nf6 4. Bb5 Nd4 5. Nxe5 Qe7 6. Nd3 a6 7. Bc4 b5 8.
Bb3 b4 9. Nd5 Nxd5 10. Bxd5 c6 11. Bb3 Qxe4+ 12. Kf1 d5 13. f3 Qe7 14. c3 bxc3
15. dxc3 Nxb3 16. Qxb3 Bf5 17. Nf2 Qc7 18. g3 Bd6 19. Kg2 O-O 20. g4 Be6 21.
Qc2 Rae8 22. Bg5 f5 23. h3 Qf7 24. Qd3 Qg6 25. Bh4 fxg4 26. Qxg6 gxf3+ 27. Kf1
hxg6 28. Rg1 Bf5 29. Bg3 Bc5 30. Re1 Rxe1+ 31. Kxe1 Re8+ 32. Kf1 Re2 0-1

[Event "ICS rated bullet match"]
[Site "204.178.125.65"]
[Date "2000.02.10"]
[Round "?"]
[White "JSBach"]
[Black "Hossa"]
[Result "0-1"]
[WhiteElo "2107"]
[BlackElo "2458"]
[PlyCount "94"]

1. e4 e5 2. Nf3 Nc6 3. Bc4 Nf6 4. d3 Be7 5. Nc3 d6 6. Bg5 Na5 7. Bb5+ c6 8.
Bxf6 Bxf6 9. Bc4 Nxc4 10. dxc4 Bg4 11. O-O O-O 12. Qd3 Qb6 13. Rab1 Rad8 14. h3
Be6 15. Kh1 Be7 16. Qe2 f5 17. Rfe1 fxe4 18. Nxe4 Qa6 19. c5 Bc4 20. Qe3 d5 21.
Nc3 d4 22. Qxe5 Bf6 23. Qe4 dxc3 24. Ne5 Bxa2 25. b3 Bxb1 26. Rxb1 Bxe5 27.
Qxe5 Rxf2 28. Qxc3 Qe2 29. Qc4+ Qxc4 30. bxc4 Rd7 31. Ra1 a6 32. c3 Rdd2 33.
Rb1 Rxg2 34. Rxb7 Rge2 35. Rb8+ Kf7 36. Rb7+ Kg6 37. Rb1 Re3 38. Rg1+ Kf6 39.
Rf1+ Ke5 40. h4 Rh3+ 41. Kg1 Rxh4 42. Rf7 Re4 43. Re7+ Kf5 44. Rxe4 Kxe4 45.
Kf1 Kf3 46. Ke1 Rd3 47. Kf1 Rd1# 0-1

[Event "ICS rated blitz match"]
[Site "204.178.125.65"]
[Date "2000.02.10"]
[Round "?"]
[White "Hossa"]
[Black "QueenMaxima"]
[Result "1-0"]
[WhiteElo "2410"]
[BlackElo "2438"]
[PlyCount "97"]

1. e4 e5 2. Nf3 Nc6 3. Bb5 a6 4. Ba4 Nf6 5. O-O Be7 6. Re1 b5 7. Bb3 O-O 8. c3
d5 9. exd5 Nxd5 10. Nxe5 Nxe5 11. Rxe5 Nf4 12. d4 Ng6 13. Rh5 Bb7 14. Qd3 Re8
15. Be3 c5 16. Qf5 c4 17. Bc2 Qc7 18. Nd2 Rad8 19. Qh3 h6 20. Bxg6 fxg6 21.
Qe6+ Kh7 22. Rxh6+ gxh6 23. Qf7+ Kh8 24. d5 Bd6 25. Bd4+ Re5 26. Qxg6 Bxd5 27.
Re1 Bxg2 28. f4 Bc5 29. Qxh6+ Qh7 30. Qf6+ Qg7 31. Qxd8+ Kh7 32. Qh4+ Qh6 33.
Qxh6+ Kxh6 34. fxe5 Bxd4+ 35. cxd4 Bd5 36. e6 Kg6 37. e7 Bf7 38. e8=Q Bxe8 39.
Rxe8 Kf7 40. Re2 Kf6 41. d5 c3 42. d6 cxd2 43. Rxd2 Kg5 44. Rf2 Kg6 45. d7 Kg7
46. d8=Q b4 47. Qg5+ Kh8 48. Qh6+ Kg8 49. Rf8# 1-0